Normal view MARC view

Entry Personal Name

Number of records used in: 1

001 - CONTROL NUMBER

  • control field: 9976

003 - CONTROL NUMBER IDENTIFIER

  • control field: OSt

005 - DATE AND TIME OF LATEST TRANSACTION

  • control field: 20220918110854.0

008 - FIXED-LENGTH DATA ELEMENTS

  • fixed length control field: 220918|| aca||aabn | a|a d

040 ## - CATALOGING SOURCE

  • Original cataloging agency: OSt
  • Transcribing agency: OSt

100 ## - HEADING--PERSONAL NAME

  • Personal name: झा, संजय कुमार

670 ## - SOURCE DATA FOUND

  • Source citation: Work cat.: (OSt)115409: झा, संजय कुमार, प्रमुख उपनिड्ढदों के पारिभाड्ढिक शब्द, 2008
Copyright @ Delhi University Library System